00926nam a2200241 a 450000100100000000500170001000800410002702000150006804000250008308200180010810000400012624501100016626000450027630000320032150000280035350000410038165000370042265000340045970000430049304900090053695201220054599900170066700002321720200930022051.0101130s1975 xxua r 000 0 spa d a053822200X aDO-SdBNPbspacBNPHU a651.75bG643c1 aGonzález del valle, Luís94779810aCorrespondencia comercial :bfondo y forma /cLuis González del Valle , Antolín González del Valle. aOhio :bSouth-Western Publishing,c1975. axi, 301 p. :bil. ;c25 cm. aUn estudio clasificado. aDocumentación mercantil bilingüe 4aCorrespondencia comercial938389 4aPrácticas de oficina9461241 aGonzález del Valle, Antolín947799 aBNGR 001054708MOaGRbGRcCTd2010-11-30iLF1l0o651.75 G643cp23217-10r2020-06-25w2020-06-25y4ZPréstamo en sala c22714d22714